| 000 | 01128nam a2200277Ia 4500 | ||
|---|---|---|---|
| 999 |
_c4967 _d4967 |
||
| 003 | OSt | ||
| 005 | 20200414132129.0 | ||
| 008 | 191128s1982 mx gr 000 0dspa d | ||
| 020 | _a9681610415 | ||
| 040 |
_aCO-JMCR _cCO-JMCR |
||
| 041 | 0 | _aspa | |
| 082 | 0 | 4 |
_a302.14 / _bA795a |
| 100 | 1 |
_aArvon, Henri, _eautor _92997 |
|
| 245 | 1 | 3 |
_aLa autogestión / _cHenri Arvon ; traducción, David F. Álvarez Aub |
| 250 | _aPrimera edición | ||
| 260 |
_aMéxico : _bFondo de Cultura Económica, _c1982 |
||
| 300 |
_a168 páginas ; _c17 cm. |
||
| 490 | 0 |
_aBreviarios ; _v325 |
|
| 500 | _aIncluye bibliografía. | ||
| 505 | _aFundamentos ideológicos de la autogestión -- Las experiencias de autogestión | ||
| 520 | _aAl margen de las consideraciones sobre la historia del vocablo - y con todo lo expresivas y sugerentes que ellas resultan-, la médula conceptual del término autogestión señala un ideal humano de libertad y plenitud en la convivencia. | ||
| 650 | 1 | 4 |
_aParticipación social _92998 |
| 650 | 2 | 4 |
_aComunidades Autogestión _92999 |
| 700 | 1 |
_aÁlvarez Aub, David F., _etraductor _93000 |
|
| 942 |
_2ddc _cBK |
||